Market Leader Upper Intermediate

Na minha lista:
Detalhes bibliográficos
Autor principal: Mascull, Bill
Formato: Livro
Idioma:inglês
Publicado em: Harlow PEARSON/ FT Publishing 2011
Edição:3rd Edition
Colecção:Always Learning
Assuntos:
Tags: Adicionar Tag
Sem tags, seja o primeiro a adicionar uma tag!

MARC

LEADER 00000nam a2200000 4500
001 0195271
005 20240229080544.6
020 |a 978-1-4082-6803-2 
041 0 |a eng 
044 |a GB 
245 1 0 |a Market Leader  |b Upper Intermediate  |c Bill Mascull 
250 |a 3rd Edition 
264 1 |a Harlow  |b PEARSON/ FT Publishing  |c 2011 
300 |a 215 s.  |e 1 CD-ROM 
490 1 |a Always Learning 
830 0 |a Always Learning 
610 2 0 |a terminológia 
610 2 0 |a jazyky cudzie 
610 2 0 |a obchod 
610 2 0 |a angličtina 
100 1 |a Mascull, Bill